Bakarwan-e-hulla (Record no. 1434248)

MARC details
000 -LEADER
fixed length control field 00660nam a22002177a 4500
005 - DATE AND TIME OF LATEST TRANSACTION
control field 20250724143725.0
008 - FIXED-LENGTH DATA ELEMENTS--GENERAL INFORMATION
fixed length control field 250724b |||||||| |||| 00| 0 eng d
037 ## - SOURCE OF ACQUISITION
Terms of availability TB
040 ## - CATALOGING SOURCE
Original cataloging agency CRL
Transcribing agency CRL
041 ## - LANGUAGE CODE
Source of code PER
Language code of text/sound track or separate title PER
084 ## - COLON CLASSIFICATION NUMBER
Classification number O164:g P5
Item number CRL
100 ## - MAIN ENTRY--PERSONAL NAME
Personal name Kobb, Abdul Hasan Zarrin
9 (RLIN) 816416
245 ## - TITLE STATEMENT
Title Bakarwan-e-hulla
260 ## - PUBLICATION, DISTRIBUTION, ETC.
Place of publication, distribution, etc. Tehran, Iran:
Name of publisher, distributor, etc. Intasharat-e-ilmi,
Date of publication, distribution, etc. 2005.
300 ## - PHYSICAL DESCRIPTION
Extent 475p.
365 ## - TRADE PRICE
Price amount 1250.00
Currency code INR
650 ## - SUBJECT ADDED ENTRY--TOPICAL TERM
Topical term or geographic name entry element Persian Literature
650 ## - SUBJECT ADDED ENTRY--TOPICAL TERM
Topical term or geographic name entry element Criticism
942 ## - ADDED ENTRY ELEMENTS (KOHA)
Source of classification or shelving scheme Colon Classification (CC)
Koha item type Textbook
Classification part O164:g P5
Suppress in OPAC No

No items available.

Copyright @ Delhi University Library System